00281nam a2200109Ia 4500008004100000245005600041260002200097440000600119521002200125942000700147999001700154140130s9999 xx 000 0 und d cBarbara ParkaJunie B. Jones and some Sneaky Peeky bScholastic,c1994 v1 aGrade 1 - Grade 2 cBK c40269d40269